000 01017nam a22002651c 4500
001 a987690316
008 180629s2018 gw a||| 000u ger d
020 _a9783835331907
_9978-3-8353-3190-7
041 _ager
100 1 _aSeydlitz, Walther von
245 0 0 _aNach Stalingrad :
_bWalther von Seydlitz' Feldpostbriefe und Kriegsgefangenenpost 1939-1955 /
_cherausgegeben von Torsten Diedrich und Jens Ebert im Auftrag des Zentrums für Militärgeschichte und Sozialwissenschaften der Bundeswehr
264 _aGöttingen :
_bWallstein Verlag,
_c2018
300 _a427 Seiten : Illustrationen
600 0 _aSeydlitz, Walther von
650 0 _aDeutscher Kriegsgefangener
650 0 _aFeldpostbrief
650 0 _aKriegsgefangener
650 0 _aWeltkrieg <1939-1945>
700 1 _aDiedrich, Torsten
_eHerausgeberIn
700 1 _aEbert, Jens
_eHerausgeberIn
710 2 _aZentrum für Militärgeschichte und Sozialwissenschaften der Bundeswehr
942 _cMG
040 _cRU-10907106
003 RU-10907106
999 _c50768
_d50768